[Event "Balkan Youth Online-ch 2020"]
[Site "Online"]
[Date "2020.10.31"]
[Round "4.39"]
[White "Unat, Can Haktan"]
[Black "Jordanov Mihail"]
[Result "1-0"]
[WhiteElo "2130"]
[BlackElo "2105"]
[Annotator "TA"]
[PlyCount "149"]
[EventDate "2020.10.31"]
[EventType "swiss"]
[SourceTitle "playchess.com"]
[Source "ChessBase"]
[SourceQuality "1"]

{[%evp 27,148,17,42,18,19,12,10,8,20,0,40,24,20,0,0,0,0,-11,-12,-34,-37,-98,-18,-23,-12,-83,-74,-72,0,0,-6,-6,-4,-4,-6,-55,-66,-103,-90,-173,-98,-98,-82,-81,-75,-231,-229,-230,-201,-197,-114,-168,-170,-170,-170,-168,-79,-79,-79,-79,-80,-188,-8,-126,-120,-175,-42,-177,-177,-187,-152,-206,-93,-95,-95,-97,0,0,0,0,0,0,0,-6,0,0,12844,12844,12845,12846,12846,12847,12847,12847,12847,12847,12847,12847,12847,0,12847,12847,12848,12848,27999,27999,27999,27999,27999,27999,27999,27999,27999,27999,27996,27996,27997,27997,27998,27998,27999,27999,29999]} 1. e4 e5 2. Nf3 Nc6 3. Bc4 Nf6 4. d4 exd4 5. e5 d5 6. Bb5 Ne4 7. Nxd4 Bd7 8. Bxc6 bxc6 9. O-O Bc5 10. Be3 O-O 11. f3 Ng5 12. f4 Ne4 13. Nd2 Nxd2 14. Qxd2 f6 15. Nb3 {C56: Two Knights: 4 d4 exd4 5 0-0 Nxe4.} Bb6 16. Qc3 fxe5 17. fxe5 {The position is equal.} Qe7 18. Bc5 Rf5 19. Rxf5 Bxf5 {[#]} 20. a4 $146 ({Predecessor:} 20. Rf1 Be4 21. a4 Qg5 22. Rf2 Re8 23. Bxb6 axb6 24. Qxc6 Qxe5 25. Nd2 Bg6 26. Nf3 Qxb2 27. Qxd5+ {0-1 (55) Zlatkov,A (1531)-Jordanov,M (1723) Vevcani 2017}) 20... Re8 21. Re1 Be4 22. Rf1 {[#]} Qg5 $1 {[%csl Ge4][%cal Rg5g2][%mdl 512]} 23. Rf2 h6 24. Bd4 (24. h4 $15 Qxe5 25. Qxe5 Rxe5 26. a5) 24... Bxd4 (24... Rf8 $1 $17 {[%cal Rf8f2] Hoping for ...Rxf2.} 25. Qd2 Rxf2 26. Qxg5 hxg5 27. Bxf2 Bxc2) 25. Nxd4 $11 Rxe5 $40 {[%mdl 128] White needs to defend precisely.} 26. h4 (26. Nxc6 $11 Re6 27. g3) 26... Qg4 $17 ({Much worse is} 26... Qxh4 $6 27. Nf3 $11) 27. Nxc6 Rh5 (27... Re6 $1 $17 {[%cal Re6f6]} 28. Nxa7 Qxh4 29. Qxc7 Bg6 30. Qc8+ Re8) 28. Qh3 $11 Qxh3 29. gxh3 Rxh4 {[%mdl 4096] Endgame KRB-KRN} 30. Kh2 a6 31. Ne7+ Kh7 32. Kg3 Rh5 33. h4 (33. Nc6 $17) 33... Re5 (33... d4 $19 34. Re2 Bb7) 34. Nc6 $17 Re6 $1 {[%cal Re6c6]} 35. Nd4 Rb6 36. Rf7 $2 (36. a5 $17 Rxb2 37. h5) 36... c5 $19 ({Weaker is} 36... Rxb2 37. h5 $15) 37. Nb3 Bxc2 38. Nxc5 Rxb2 (38... Rc6 $1 $19 {[%cal Rc6c5]} 39. b4 a5 $1 {[%mdl 512]}) 39. Ne6 (39. Nxa6 $17 Bxa4 40. Nc5) 39... Kg6 ({Don't play} 39... Bxa4 40. Rxg7+ Kh8 41. Rg6 $15) 40. Ra7 {[#]} Rb6 $1 {[%cal Rb6e6]} 41. Nf4+ {[#]} Kf5 (41... Kh7 $1 $19 {and Black stays clearly on top. Threatens to win with ...Rd6.} 42. Nxd5 Rg6+ 43. Kf4 Bxa4) 42. Nxd5 $17 Rg6+ 43. Kf2 {Black must now prevent Ne7+.} Ke5 44. Nc3 (44. Nb4 $17 Bxa4 45. Nxa6) 44... Kd4 $2 (44... Rc6 $19 45. Ne2 Bxa4 46. Rxg7 Bb5) 45. Rc7 (45. Ne2+ $11 {was the only way to keep the balance.} Ke5 46. Re7+ Kd6 47. Ra7) 45... Bd3 46. a5 (46. Ne2+ $17 Ke5 47. Re7+ Kd6 48. Ra7) 46... Bc4 (46... Rf6+ $19 47. Kg3 Rf1) 47. Na4 (47. Ne2+ $15 Bxe2 48. Kxe2) 47... Rg4 $19 48. Rd7+ Ke5 49. Nc5 (49. Rc7 $17) 49... Rxh4 (49... g6 $19 {is more deadly.} 50. Ra7 Rxh4 51. Nxa6 g5) 50. Rxg7 $17 Kd5 51. Nd7 h5 ({Better is} 51... Bb5 $17 52. Kf3 Rh1) 52. Rg5+ $11 Kd6 53. Nc5 Bb5 54. Ke3 Kc6 55. Ne6 Bc4 56. Nd4+ Kd6 $2 {[%mdl 8192]} (56... Kb7 $11) 57. Nf5+ $18 {[%mdl 64] Double Attack} Ke6 58. Nxh4 Kd6 59. Rxh5 Kc6 60. Rg5 Bb5 61. Kd4 Bf1 62. Rg6+ Kb5 63. Rg5+ $2 (63. Nf3 $18 {White wants to mate with Nd2.} Bc4 64. Nd2 Ba2 65. Rb6+ Ka4 66. Nc4 Bb3 67. Rxa6 Bd1 68. Rb6) 63... Ka4 $2 {[%mdl 8192]} (63... Kc6 $11 64. Nf3 Be2) 64. Nf3 Bb5 65. Nd2 Kxa5 66. Nc4+ {White mates.} Kb4 67. Nd6 Ba4 68. Rg8 a5 69. Rb8+ Ka3 70. Nc4+ {[%mdl 64] Double Attack} Ka2 71. Nxa5 Bc2 72. Kc3 Be4 73. Rb2+ Ka3 74. Nc4+ Ka4 75. Rb4# {Never resign too early! Av CentiPawn Loss W=726/B=-217. Weighted=560/-164} 1-0

[Event "Balkan Youth Online-ch 2020"]
[Site "Online"]
[Date "2020.10.31"]
[Round "4.40"]
[White "Kilic, Gokturk Kagan"]
[Black "Terziev, Dimo"]
[Result "1-0"]
[WhiteElo "2084"]
[BlackElo "2123"]
[Annotator "TA"]
[PlyCount "63"]
[EventDate "2020.10.31"]
[EventType "swiss"]
[SourceTitle "playchess.com"]
[Source "ChessBase"]
[SourceQuality "1"]

{[%evp 12,63,-64,-59,-81,-50,-7,-16,0,0,5,0,29,-3,24,15,17,-68,33,49,59,45,66,68,71,42,90,62,80,91,117,105,98,116,110,100,85,97,277,287,271,150,150,150,1341,1321,29989,29990,29990,29991,29991,29989,29992,29993]} 1. e4 e6 2. d4 d5 3. e5 c5 4. c3 Nc6 5. Nf3 Qb6 6. dxc5 Bxc5 7. Qc2 a5 {C02: French: Advance Variation.} 8. Bf4 Bd7 9. Bd3 Nge7 {The position is equal.} 10. O-O Ng6 11. Bg3 Rc8 {[#]} 12. Kh1 $146 ({Predecessor:} 12. h4 Na7 13. h5 Ne7 14. a4 Nac6 15. Qe2 Nf5 16. Bf4 g6 17. g4 Nfe7 18. h6 {1-0 (38) Marchyllie,B (2142)-Ben Porat,T (1849) La Fere 2010}) 12... Be7 {White must now prevent ...Nb4!} 13. Qe2 a4 14. Nbd2 (14. h4 $11) 14... O-O ({Black should try} 14... Qxb2 $15 15. c4 O-O) 15. Rab1 $14 Na5 16. h4 Rfd8 17. h5 Nf8 18. Nd4 Nc6 19. N2f3 Nxd4 20. Nxd4 Bc5 21. Qg4 {And now Bh4 would win.} Bxd4 22. cxd4 Bb5 23. Bxb5 ({Much worse is} 23. h6 $6 Ng6 $11) 23... Qxb5 24. Bh4 {Threatens to win with Bf6.} Rd7 $2 (24... Re8 $16 {might work better.}) 25. Bf6 $1 $18 {[%csl Gf6][%cal Rg4g7]} g6 {[#]} 26. Rbc1 (26. Qg5 $1 $18 {[%cal Rg5h6][%mdl 512] Intending Qh6 and mate.} Qe2 27. Rbc1 Rxc1 28. Rxc1 Qxh5+ 29. Qxh5 gxh5 30. Rc8) 26... Rdc7 $16 ({Don't blunder} 26... Rxc1 $2 27. Rxc1 a3 28. b3 $18) 27. Qg5 $40 {[%mdl 128] Qh6 would kill now. White is out for blood.} Qe2 $2 {[#] Black cannot hold the game after this.} (27... Rxc1 $16 28. Rxc1 Rxc1+ 29. Qxc1 Qd3) 28. f3 $1 $18 {Threatening mate with Qh6.} Rxc1 29. Rxc1 {White mates.} Rxc1+ 30. Qxc1 Nd7 {[#]} 31. Qc8+ $1 {[%mdl 576] Double Attack} Nf8 32. Be7 {Av CentiPawn Loss W=-10/B=-98. Weighted=-16/-91} 1-0

[Event "Balkan Youth Online-ch 2020"]
[Site "Online"]
[Date "2020.10.31"]
[Round "4.41"]
[White "Dimov, Nikola"]
[Black "Andjelic, Djordje"]
[Result "1/2-1/2"]
[WhiteElo "1771"]
[BlackElo "1900"]
[Annotator "TA"]
[PlyCount "105"]
[EventDate "2020.10.31"]
[EventType "swiss"]
[SourceTitle "playchess.com"]
[Source "ChessBase"]
[SourceQuality "1"]

{[%evp 10,104,33,23,229,159,152,125,122,121,122,122,150,145,152,147,146,127,143,105,114,114,116,119,147,136,192,189,195,191,230,225,249,233,262,257,270,194,420,420,451,466,555,554,570,564,563,563,535,536,634,636,719,642,633,633,632,630,652,639,616,534,533,532,794,780,791,770,733,729,671,191,179,191,200,190,202,159,235,235,238,238,646,675,1108,731,5106,5081,5106,191,29973,29975,29975,29976,29973,0,0]} 1. e4 c5 2. Nf3 Nc6 3. d4 cxd4 4. Nxd4 Nf6 5. Nc3 e5 6. Ndb5 d5 $2 {B33: Sicilian: Pelikan and Sveshnikov Variations.} (6... d6 $11 {and Black stays safe.}) 7. Nxd5 Nxd5 {[#]} 8. Qxd5 $146 ({Predecessor:} 8. exd5 Bc5 9. Qd2 Nd4 10. Nxd4 exd4 11. Qe2+ Kf8 12. Qf3 Bd7 13. Bd3 Qa5+ 14. Kd1 {½-½ (33) Karlsson,E (2400)-Barfoed,E (2420) corr 1997}) 8... a6 {White is better.} 9. Qxd8+ Kxd8 {[#]} 10. Nc3 $1 Be6 11. Be3 Kc7 12. O-O-O b5 13. Be2 Be7 14. Bf3 Rad8 15. Nd5+ Bxd5 16. exd5 Nb8 17. Rhe1 f5 (17... Nd7 $16 18. Rd3 b4) 18. Bd2 $18 e4 19. Ba5+ {[%mdl 64] Skewer} Kc8 {intending ...Bg5+.} 20. Bxd8 Rxd8 21. Be2 Nd7 22. c4 b4 23. Kb1 {Strongly threatening d6.} a5 $2 (23... Bc5 24. f3 Nf6 25. fxe4 fxe4) 24. d6 Bf6 25. Rd5 Ne5 26. c5 Kb7 27. Bb5 Nc6 28. Bxc6+ Kxc6 29. Rxf5 {[%mdl 4096] Endgame KRR-KRB} Re8 30. Rd1 a4 31. Rfd5 Kd7 32. Rc1 Kc6 33. d7 Rf8 34. Rd6+ Kc7 35. Re6 {aiming for Re8.} Kxd7 36. Rxe4 a3 37. c6+ Kc7 38. Rxb4 axb2 39. Rb7+ Kc8 40. Rxb2 $2 (40. Re1) 40... Bxb2 41. Kxb2 Rxf2+ {[#] KR-KR} 42. Rc2 $1 {[%cal Rc2f2]} Rf4 43. c7 h5 (43... Rd4 $16 44. Kb3 Rd3+ 45. Kc4 Rd1) 44. Kb3 h4 45. a4 {[%cal Ba2a4,Ba4a5,Ba5a6][%mdl 32]} g5 $2 (45... Rf5 46. Kb4 Rf4+ 47. Ka3 Rf5) 46. a5 Rf6 47. Kb4 g4 48. Kb5 Rf5+ 49. Kb6 $2 (49. Rc5 Rf2 50. a6) 49... g3 $2 (49... Rf6+ $18 50. Kb5 Rf1) 50. hxg3 hxg3 51. a6 Rf6+ 52. Rc6 Rxc6+ $1 53. Kxc6 {Av CentiPawn Loss W=706/B=-115. Weighted=273/-157} 1/2-1/2

[Event "Balkan Youth Online-ch 2020"]
[Site "Online"]
[Date "2020.10.31"]
[Round "4.42"]
[White "Vaupot, Luka"]
[Black "Cani, Dejvi"]
[Result "1-0"]
[WhiteElo "2010"]
[BlackElo "1188"]
[Annotator "TA"]
[PlyCount "79"]
[EventDate "2020.10.31"]
[EventType "swiss"]
[SourceTitle "playchess.com"]
[Source "ChessBase"]
[SourceQuality "1"]

{[%evp 16,78,58,52,45,50,48,54,58,62,103,33,104,41,119,35,68,-106,121,124,194,158,161,156,193,206,196,0,2,0,91,65,147,139,638,617,842,835,795,815,850,400,420,405,389,305,233,186,544,541,491,531,542,513,494,477,12837,12838,12837,12838,29990,29991,29991,29992,29999]} 1. d4 Nf6 2. c4 g6 3. Nc3 Bg7 4. Nf3 d6 5. g3 O-O 6. Bg2 Nbd7 7. O-O c5 8. d5 Nb6 9. Qd3 e6 {E65: King's Indian: Fianchetto: 6...c5 7 0-0 without d5 by White.} 10. e4 exd5 11. cxd5 Re8 {White is slightly better.} 12. h3 {[#]} Bd7 $146 ({Predecessor:} 12... c4 13. Qc2 Nbd7 14. Nd2 Nb6 15. a4 a5 16. Nb5 Bd7 17. Nxd6 Bxa4 18. Rxa4 Qxd6 {0-1 (39) Costa,C (2231)-Meza,A (2075) Rio de Janeiro 2017}) 13. Be3 (13. a4 $16) 13... Rc8 (13... Qc8 $14) 14. Nd2 ({Better is} 14. a4 $1 $16) 14... h5 (14... Na4 $14) 15. f4 (15. a4 $16) 15... Qe7 16. a4 $2 (16. Rfe1 $14 {keeps the upper hand.}) 16... a5 $2 (16... c4 $17 {keeps the pressure on.} 17. Qb1 (17. Qd4 $2 Ng4 $17) 17... Nfxd5 $1 {[%mdl 576] Pin} 18. Bxb6 Nxc3 19. bxc3 axb6) 17. Bf2 $16 h4 (17... Nh7 $16) 18. g4 $18 (18. gxh4 Nh5 $11) 18... Nh7 19. b3 f5 20. gxf5 gxf5 21. e5 $2 (21. exf5 $6 Qf7 $16) ({White should play} 21. Rae1 $18) 21... dxe5 $11 22. d6 Qe6 (22... e4 $11 23. dxe7 exd3) 23. fxe5 $16 Bxe5 {[#]} (23... Qxe5 $14 24. Rac1 Re6) 24. Nc4 $1 $36 {[%cal Rc4b6][%mdl 2048] Keeping Black busy.} Bxc3 $2 {[%mdl 8192] A mistake that costs the game.} (24... Nxc4 $16 25. Bd5 {[%mdl 64] Double Attack} Nb6 26. Bxe6+ Rxe6) 25. Nxb6 $18 ({Not} 25. Qxc3 Nxc4 26. Qxc4 Qxc4 $14) 25... Qg6 26. Qc4+ {[%mdl 64] Double Attack} Be6 27. Qxc3 Rc6 28. Nc4 (28. d7 $142 Rd8 29. Bxh4 Rxb6 30. Bxd8) 28... Bd5 {[%csl Gd5][%cal Rg6g2]} 29. Bg3 $1 Bxg2 30. d7 {Threatens to win with Ne5!} Rd8 31. Ne5 Qf6 $2 (31... Qxg3 {is more resistant.} 32. Qxg3+ hxg3 33. Kxg2 Rd6) 32. Kxg2 {Black must now prevent Qc4+.} hxg3 33. Qxg3+ Kh8 {Black hopes to continue with ...Rg8.} 34. Nxc6 Qxc6+ 35. Kh2 {And now Rg1 would win.} Rxd7 (35... Qxd7 $142 36. Rad1 Qxd1 37. Rxd1 Rxd1 38. Qe5+ Kg8 39. Qxf5 Rd2+ 40. Kg3 Rd6 41. Qxc5 Rg6+ 42. Kf4 Rf6+ 43. Ke5 b6 44. Qd5+ Rf7 45. Qd8+ Nf8) 36. Qb8+ Kg7 37. Rg1+ Kf6 38. Qh8+ {White mates.} ({Less strong is} 38. Qf4 Qc7 $16) 38... Ke7 39. Rae1+ Kd6 40. Qe5# {Av CentiPawn Loss W=49/B=-118. Weighted=-28/-155} 1-0

[Event "Balkan Youth Online-ch 2020"]
[Site "Online"]
[Date "2020.10.31"]
[Round "4.43"]
[White "Boci, Petro"]
[Black "Papidakis, Georgios"]
[Result "0-1"]
[WhiteElo "1434"]
[BlackElo "2135"]
[Annotator "TA"]
[PlyCount "88"]
[EventDate "2020.10.31"]
[EventType "swiss"]
[SourceTitle "playchess.com"]
[Source "ChessBase"]
[SourceQuality "1"]

{[%evp 9,88,35,42,33,47,18,20,0,0,0,12,21,38,18,41,33,51,14,45,43,118,115,154,102,94,41,104,107,115,102,87,72,230,0,6,-20,70,72,352,341,355,224,283,282,302,0,120,121,117,123,109,124,98,102,176,137,178,164,155,129,111,-144,-166,-183,-153,-317,-304,-362,-150,-288,-287,-286,-283,-379,-396,-520,-540,-1106,-1078,-1844,-1458]} 1. e4 e5 2. Nf3 Nc6 3. Bb5 g6 4. O-O Bg7 5. c3 a6 6. Ba4 {C60: Ruy Lopez: Unusual Black 3rd moves and 3...g6.} Nge7 7. Re1 O-O 8. d4 {The position is equal.} exd4 9. cxd4 b5 10. Bc2 d6 11. h3 Bb7 12. Nc3 Na5 13. Bf4 Rc8 14. Qc1 {[#]} f5 $146 (14... b4 $14) ({Predecessor:} 14... c5 15. Bh6 cxd4 16. Bxg7 Kxg7 17. Nxd4 Nec6 18. Nxc6 Bxc6 19. Qd1 Qf6 20. Bb3 Nxb3 21. Qxb3 {½-½ (41) Sebag,M (2451)-Cornette,D (2444) Saint Quentin 2019}) 15. Bg5 $16 Bf6 16. Bxf6 ({White should play} 16. Qf4) 16... Rxf6 17. e5 (17. d5 $16) 17... Rf8 (17... dxe5 $1 $14 18. dxe5 Rb6) 18. Ng5 $36 {[%mdl 2048] White is in control.} Qd7 19. e6 Qc6 {[%csl Gb7][%cal Rc6g2] [#]} 20. f3 Qb6 $2 (20... b4 $16 21. Ne2 Nd5) 21. Qd1 $2 (21. Qf4 $18) 21... c5 $11 22. d5 {Threatens to win with Nf7.} c4+ (22... b4 $11 23. Na4 Qc7) 23. Kh1 $14 {Strongly threatening Qd2.} Qc5 $2 {[%mdl 8192]} (23... b4 $16 24. Na4 Qc7) 24. Qd2 $18 b4 25. Na4 c3 26. bxc3 bxc3 27. Qc1 $2 (27. Qf4 $18 Qc7 28. Qh4) 27... Qxd5 (27... Qf2 $1 $11 {remains equal.}) 28. Nb6 $16 {[%mdl 64] [#] Double Attack} Qd2 29. Nxc8 Rxc8 30. Rd1 Qxc1 31. Raxc1 d5 (31... Bd5 $16 {keeps fighting.}) 32. Nf7 Rc6 33. Nd8 Rd6 34. Nxb7 Nxb7 35. Bb3 $2 {[%mdl 8192]} (35. Rd4 $16) 35... d4 $17 {[%mdl 1024] Black has strong compensation.} 36. Bc4 Kg7 37. Bb3 $2 (37. g4 $17 {is a better defense.}) 37... Kf6 $19 38. Kg1 Ke5 (38... f4 $19 {has better winning chances.} 39. Bc2 Nc5) 39. Kf2 (39. Re1+ $17 {was called for.} Kf6 40. Kf1) 39... Nc5 40. Bc4 f4 ({Less strong is} 40... Nxe6 41. Bxe6 Kxe6 42. Re1+ Kf7 43. Red1 $17) 41. Re1+ Kf6 42. Red1 Nf5 {Black is clearly winning.} 43. Bd3 Ne3 44. Bc4 Nxc4 {Av CentiPawn Loss W=-83/B=-43. Weighted=-101/-48} 0-1

[Event "Balkan Youth Online-ch 2020"]
[Site "Online"]
[Date "2020.10.31"]
[Round "4.44"]
[White "Filippovskiy Nikita"]
[Black "Mitkov, Simeon-Alekzander"]
[Result "1-0"]
[WhiteElo "1534"]
[BlackElo "1319"]
[Annotator "NA RC"]
[PlyCount "95"]
[EventDate "2020.10.31"]
[EventType "swiss"]
[SourceTitle "playchess.com"]
[Source "ChessBase"]
[SourceQuality "1"]
[TimeControl "1500+5"]

1. e4 {[%emt 0:00:00]} c5 {[%emt 0:00:00]} 2. Nf3 {[%emt 0:00:00]} e6 {[%emt 0:00:00]} 3. d4 {[%emt 0:00:00]} cxd4 {[%emt 0:00:00]} 4. Nxd4 {[%emt 0:00:00]} Nf6 {[%emt 0:00:00]} 5. Nc3 {[%emt 0:00:00]} d6 {[%emt 0:00:00]} 6. Be3 {[%emt 0:00:00]} a6 {[%emt 0:00:35]} 7. Be2 {[%emt 0:00:00]} b5 {[%emt 0:00:04]} 8. a3 {[%emt 0:00:00]} Bb7 {[%emt 0:00:00]} 9. f3 {[%emt 0:00:00]} Be7 {[%emt 0:00:09]} 10. Qd2 {[%emt 0:00:12]} O-O {[%emt 0:00:02]} 11. h4 {[%emt 0:00:05]} h6 {[%emt 0:00:01]} 12. g4 {[%emt 0:00:00]} Nbd7 {[%emt 0:00:00]} 13. g5 {[%emt 0:00:11]} Nh5 {[%emt 0:00:48]} 14. O-O-O {[%emt 0:00:27]} Ng3 {[%emt 0:00:21]} 15. Rhg1 {[%emt 0:00:09]} Nxe2+ {[%emt 0:00:28]} 16. Qxe2 {[%emt 0:00:05]} h5 {[%emt 0:00:00]} 17. f4 {[%emt 0:00:06]} Nc5 {[%emt 0:00:59]} 18. Qxh5 {[%emt 0:00:34]} Nxe4 {[%emt 0:00:11]} 19. g6 {[%emt 0:00:10]} Nf6 {[%emt 0:02:19]} 20. gxf7+ {[%emt 0:00:06]} Rxf7 {[%emt 0:00:00]} 21. Qg6 {[%emt 0:00:10]} Qd7 {[%emt 0:01:02]} 22. f5 {[%emt 0:00:29]} e5 {[%emt 0:01:27]} 23. Ne6 {[%emt 0:00:02]} Bf8 {[%emt 0:00:06]} 24. Bg5 {[%emt 0:00:36]} Ne8 {[%emt 0:00:58]} 25. Nxf8 {[%emt 0:00:37]} Kxf8 {[%emt 0:00:00]} 26. Qh7 {[%emt 0:02:39]} Nf6 {[%emt 0:00:16]} 27. Bxf6 {[%emt 0:00:07]} gxf6 {[%emt 0:00:32]} 28. Rg8+ {[%emt 0:00:01]} Ke7 {[%emt 0:00:00]} 29. Rg7 {[%emt 0:00:00]} Ke8 {[%emt 0:00:37]} 30. Qg8+ {[%emt 0:00:06]} Rf8 {[%emt 0:00:22]} 31. Qxf8+ {[%emt 0:00:00]} Kxf8 {[%emt 0:00:00]} 32. Rxd7 {[%emt 0:00:00]} Bf3 {[%emt 0:00:01]} 33. R1xd6 {[%emt 0:00:00]} Ke8 {[%emt 0:00:13]} 34. Rh7 {[%emt 0:00:43]} Bg4 {[%emt 0:00:49]} 35. Re6+ {[%emt 0:00:59]} Kf8 {[%emt 0:00:03]} 36. Rh8+ {[%emt 0:00:11]} Kf7 {[%emt 0:00:03]} 37. Rxa8 {[%emt 0:00:00]} Bxf5 {[%emt 0:00:08]} 38. Rexa6 {[%emt 0:00:00]} Kg6 {[%emt 0:00:09]} 39. Rf8 {[%emt 0:00:00]} Kh5 {[%emt 0:00:03]} 40. Raxf6 {[%emt 0:00:00]} Bg6 {[%emt 0:00:02]} 41. Rh8+ {[%emt 0:00:00]} Kg4 {[%emt 0:00:02]} 42. Rxg6+ {[%emt 0:00:00]} Kf4 {[%emt 0:00:00]} 43. Rf8+ {[%emt 0:00:00]} Ke3 {[%emt 0:00:00]} 44. Rg3+ {[%emt 0:00:00]} Kd4 {[%emt 0:00:00]} 45. Rd3+ {[%emt 0:00:00]} Kc5 {[%emt 0:00:00]} 46. Rf6 {[%emt 0:00:00]} e4 {[%emt 0:00:00]} 47. Rd5+ {[%emt 0:00:00]} Kc4 {[%emt 0:00:03]} 48. Rc6# {[%emt 0:00:00]} 1-0

[Event "Balkan Youth Online-ch 2020"]
[Site "Online"]
[Date "2020.10.31"]
[Round "4.46"]
[White "Gavrilescu, David"]
[Black "David, Bogdan-Emanuel"]
[Result "1-0"]
[WhiteElo "2476"]
[BlackElo "2092"]
[Annotator "TA"]
[PlyCount "131"]
[EventDate "2020.10.31"]
[EventType "swiss"]
[SourceTitle "playchess.com"]
[Source "ChessBase"]
[SourceQuality "1"]

{[%evp 15,131,31,47,43,60,58,77,61,60,37,46,42,43,45,41,35,47,47,87,78,59,50,64,32,38,46,27,29,60,27,116,94,115,97,133,137,166,155,414,412,804,259,933,921,870,677,752,270,270,271,592,579,519,254,259,262,229,201,886,684,560,221,222,222,222,221,221,221,227,227,227,227,227,227,383,371,360,324,418,348,342,341,429,385,704,688,2766,2258,2364,9756,6295,4790,5397,10555,2232,1586,12844,12845,12845,12845,27999,27999,27999,27999,27999,27999,27999,27999,27999,27999,27999,27999,27999,27999,27999,27999,27998,27998]} 1. e4 c5 2. Nf3 Nc6 3. Bb5 d6 4. O-O Bd7 5. Re1 a6 6. Bxc6 Bxc6 7. d4 cxd4 8. Nxd4 Nf6 9. Nc3 {B51: Sicilian: Moscow Variation (3 Bb5+) without 3...Bd7.} e6 10. Nd5 {[#]} Be7 $146 ({Predecessor:} 10... Nxd5 11. Nxe6 fxe6 12. exd5 Be7 13. dxc6 bxc6 14. Qg4 O-O 15. Qxe6+ Rf7 16. Be3 Qc8 17. Qxc8+ Rxc8 {1-0 (59) Frolyanov,D (2570)-Kabanov,N (2472) Khanty-Mansiysk 2013}) 11. Nxe7 {White is better.} Qxe7 12. e5 dxe5 13. Nxc6 bxc6 14. Rxe5 Rd8 15. Qe2 Qb4 16. c3 Qb7 17. Bg5 h6 18. Bh4 Rd5 19. c4 Rd4 20. Bxf6 gxf6 21. Re3 Qd7 22. Re1 Rg8 (22... Ke7 $11) 23. Qh5 $36 {[%mdl 2048] aiming for Rxe6+. White is on the roll.} Ke7 24. Qxh6 Rdg4 25. g3 Qd4 26. Rb3 {Hoping for Rb7+.} Rf4 $2 {A mistake that costs the game.} (26... Rd8 $16 27. Qh5 (27. Rb7+ Rd7 $16) 27... Rg5) 27. Rb7+ $18 Kd6 {[#]} (27... Ke8 $142 28. Re2 Rh4) 28. Re2 $2 (28. c5+ $1 {[%mdl 512]} Kxc5 (28... Qxc5 29. Qxf4+) 29. Qh5+ {[%mdl 64] Double Attack} Rf5 30. Qe2 Rxf2 31. Qxf2 Qxf2+ 32. Kxf2) 28... Qxc4 $2 (28... e5 29. Qh5 Qd1+ 30. Kg2 Rxc4) 29. Rd2+ Ke5 30. Qh5+ (30. Rd1 Rh4 $18) 30... f5 31. Qd1 $2 (31. b3 Qc1+ 32. Rd1) 31... Rd4 32. Rxf7 Rxd2 $2 (32... Rgd8 {is tougher.} 33. Qe2+ Qxe2 34. Rxe2+ Re4) 33. Qxd2 {[%mdl 4096] Endgame KQR-KQR} Qd4 34. Qe2+ (34. Qa5+ $142 Kd6 35. Qc7+ Kc5 36. Qa7+ Kc4 37. Qxa6+ {[%mdl 64] Double Attack} Kc5 38. Qa3+ Kc4 39. b3+ Kd3 40. Qa6+ Kd2 41. Qxc6) 34... Kd6 35. Rb7 ({Much less strong is} 35. Qxa6 $6 Qd1+ 36. Qf1 Qxf1+ 37. Kxf1 Ra8 $18) 35... Rg4 36. Qxa6 {And now Qa3+ would win.} Re4 $2 (36... Qd1+ 37. Qf1 Qd5) 37. Qa3+ Ke5 38. Qa5+ $2 (38. Qe7 Re1+ 39. Kg2) 38... Kf6 39. Qc3 ({And not} 39. Qc7 Re1+ 40. Kg2 Qe4+ 41. Kh3 Qg4+ 42. Kg2 Qe4+ 43. f3 Re2+ 44. Kh3 Rxh2+ 45. Kxh2 Qe2+ 46. Kg1 Qe1+ 47. Kh2 Qf2+ 48. Kh3 Qf1+ 49. Kh2 Qe2+ 50. Kg1 Qe1+ 51. Kh2 Qe2+ $11) 39... Qxc3 40. bxc3 {KR-KR} Rc4 {[#]} 41. Rb3 $1 Ra4 42. Kg2 Ke5 43. a3 c5 44. h4 Ke4 $2 (44... Kf6 45. f4 Kg6) 45. h5 Ra7 46. Rb6 Kd5 47. h6 Rh7 48. c4+ $1 {[%mdl 64] Deflection} Kxc4 49. Rxe6 Kb3 $2 (49... Kd5 50. Rb6 c4) 50. Kf3 c4 {If Black can now play ...c3 this consolidates a bit.} 51. Rc6 c3 52. Kf4 c2 53. Kg5 Rd7 54. f3 Kb2 55. g4 ({Less strong is} 55. Kg6 Rd6+ 56. Rxd6 c1=Q $16) 55... fxg4 56. fxg4 c1=Q+ 57. Rxc1 Kxc1 {KR-K3P} 58. Kg6 {White mates.} Rd6+ 59. Kh5 Rd7 60. g5 Kd2 61. g6 Rd5+ 62. Kg4 Ke3 63. g7 Rd1 64. h7 Rg1+ 65. Kf5 Rxg7 66. h8=Q {Av CentiPawn Loss W=142/B=87. Weighted=190/-34} 1-0